Toto sú základné princípy franchisingu. Aplikujte ich v praxi!

Marketingovo-odbytový systém, tovarov, služieb alebo technológií, ktorý je založený na úzkej a trvalej spolupráci medzi právne a finančne samostatnými a nezávislými podnikmi, poskytovateľom franchisingu a jeho jednotlivými prijímateľmi. Výber kľúčového partnera a úspešnosť obchodnej prevádzky.

Guardado en:
Detalles Bibliográficos
Autor principal: Šétaffy, Jozef
Formato: Capítulo de libro
Lenguaje:eslovaco
Materias:
Etiquetas: Agregar Etiqueta
Sin Etiquetas, Sea el primero en etiquetar este registro!

MARC

LEADER 00000naa a2200000 4500
001 0229260
005 20221104113141.8
041 0 |a slo 
044 |a SK 
245 1 0 |a Toto sú základné princípy franchisingu. Aplikujte ich v praxi!  |c Jozef Šétaffy 
520 |a Marketingovo-odbytový systém, tovarov, služieb alebo technológií, ktorý je založený na úzkej a trvalej spolupráci medzi právne a finančne samostatnými a nezávislými podnikmi, poskytovateľom franchisingu a jeho jednotlivými prijímateľmi. Výber kľúčového partnera a úspešnosť obchodnej prevádzky. 
610 2 0 |a franchising 
610 2 0 |a franšíza 
610 2 0 |a metódy 
610 2 0 |a podnikanie 
610 2 0 |a technika obchodná 
610 2 0 |a stratégia marketingová 
610 2 0 |a diverzifikácia 
610 2 0 |a kooperácia 
100 1 |a Šétaffy, Jozef